Modern Control Systems /

Gespeichert in:
Bibliographische Detailangaben
Hauptverfasser: Dorf, Richard C (Verfasst von), Bishop, Robert H (Verfasst von)
Format: Buch
Sprache:Englisch
Veröffentlicht: Edinburgh Gate Pearson 2017
Ausgabe:thirteenth edition
Schlagworte:
Tags: Tag hinzufügen
Keine Tags, Fügen Sie das erste Tag hinzu!

MARC

LEADER 00000nam a22000003a 4500
001 0071155
003 SK-STU
005 20220523095620.9
007 ta
008 190123s ----xo-----e------000-0-----d
020 |a 978-1-292-15297-4 
040 |a STU  |b slo 
041 0 |a eng 
080 |a 681.51 
100 1 |a Dorf, Richard C  |4 aut 
245 1 0 |a Modern Control Systems /  |c aut. Richard C Dorf, Robert H Bishop 
250 |a thirteenth edition 
260 |a Edinburgh Gate  |b Pearson  |c 2017 
300 |a 1025 s. 
650 0 7 |a kybernetika 
700 1 |a Bishop, Robert H  |4 aut 
996 |b 284J045720  |c J* 118405  |l JJSK  |s A  |a 24  |w 0071155_0001 
996 |b 284M089071  |c M* 14645-1  |l MMKN  |s A  |a 24  |w 0071155_0002